Danmarks insekter /

Bibliographic Details
Main Author: Møller, Peter Friis, 1957-
Format: Book
Language:Danish
Published: København : Politiken : Danmarks naturfredningsforening, 1999.
Edition:1. udg.
Series:Politikens naturguide.
Subjects:

MARC

Tag First Indicator Second Indicator Subfields
LEADER 00000cam a2200000Ma 4500
001 in00002476413
005 20151110040710.0
008 000208s1999 dk ab bf 001 0 dan d
020 |a 8756760620 
020 |a 9788756760621 
035 |a (OCoLC)ocm57289804 
035 |a (OCoLC)57289804 
040 |a HLS  |c HLS  |d OCLCQ  |d OCLCG  |d TXA  |d UtOrBLW 
043 |a e-dk--- 
049 |a TXAM 
050 4 |a QL464  |b .F75 1999 
100 1 |a Møller, Peter Friis,  |d 1957- 
245 1 0 |a Danmarks insekter /  |c af Peter Friis Møller. 
250 |a 1. udg. 
264 1 |a København :  |b Politiken :  |b Danmarks naturfredningsforening,  |c 1999. 
300 |a 224 pages :  |b illustrations (some color), color maps ;  |c 25 cm. 
336 |a text  |b txt  |2 rdacontent 
337 |a unmediated  |b n  |2 rdamedia 
338 |a volume  |b nc  |2 rdacarrier 
490 1 |a Politikens naturguide 
504 |a Includes bibliographical references (page 215) and index. 
650 0 |a Insects  |z Denmark  |v Handbooks, manuals, etc. 
650 0 |a Entomology  |z Denmark  |v Handbooks, manuals, etc. 
830 0 |a Politikens naturguide. 
948 |a cataloged  |b h  |c 2008/12/17  |d c  |e jgreene  |f 5:26:06 pm 
994 |a C0  |b TXA 
999 |a MARS 
999 f f |s 29f8c82a-aa5d-3cb7-b1aa-752d8f4541ad  |i 90ac0e45-7218-309b-a9a1-4df870b43e05  |t 0 
952 f f |p ric  |a Texas A&M University  |b Rellis Campus  |c Joint Library Facility  |d Remote Storage  |t 0  |e QL464 .F75 1999  |h Library of Congress classification  |i unmediated -- volume  |m A14834310206 
998 f f |a QL464 .F75 1999  |t 0  |l Remote Storage